| 000 | 00552nam a22001937a 4500 | ||
|---|---|---|---|
| 003 | KOHA_MİRAKIL | ||
| 005 | 20251117145711.0 | ||
| 008 | 251117b tu ||||| |||| 00| 0 tur d | ||
| 020 | _a9786059320221 | ||
| 040 |
_aTR-AnABB _btur _cTR-AnABB |
||
| 041 | _atur | ||
| 082 |
_a813.32 _bNAB 2017 |
||
| 100 |
_aNabizade Nazım, _d1862-1893 |
||
| 245 | 1 | 0 |
_aKarabibik / _cNabizade Nazım |
| 260 |
_aİstanbul : _bTürk Edebiyatı Vakfı Yayınları, _c2017 |
||
| 300 |
_a62 sayfa ; _c20 cm |
||
| 650 | 0 | 4 | _aTürk edebiyatı, roman |
| 942 |
_2ddc _cBK |
||
| 999 |
_c9484 _d9484 |
||
| 900 | _bGizem YORULMAZ | ||